LEADER 01331nam a2200289 i 4500 001 000000255689 003 CaOOAMICUS 005 20171010000000.0 008 171010s2017 it u000 u ita u 013 $a234597 020 $a978-88-11-67308-8 040 $aSeMil$bita 100 1 $aMartini, Carlo Maria,$c.$0(OLS)http://semarc/name/89159 245 10$aIntroduzione ai vangeli sinottici /$cCarlo Maria Martini ; prefazione di Franco Manzi. 260 $aMilano :$bGarzanti,$c2017. 300 $a202 p. ;$c22 cm. 490 0 $aSaggi 500 $aOriginariamente pubblicato in: Il messaggio della salvezza. Corso completo di studi biblici. Vol. 4, Elledici, 1968. 650 4$aBibbia - NT - Vangeli sinottici - Commentari, studi, critica, interpretazioni.$0(OLS)http://semarc/subject/4722 700 1 $aManzi, Franco,$d<1966- >.$0(OLS)http://semarc/name/6300 830 0$aSaggi.$0(OLS)http://semarc/title/341 850 $aSeMil 852 $aSeMil$W1$xVenegono$y1$m2F II 633$j206035$B206035$CSeMilBibl$Z2$F219454 $81 961 $aAcquisto: Hoepli 996 $6020$a978-88-11-67308-8$9(OLS)http://semarc/number/279676 996 $6245$aIntroduzione ai vangeli sinottici$9(OLS)http://semarc/title/411819 996 $6260$aMilano :$bGarzanti$9(OLS)http://semarc/publisher/29852 LEADER 01123nam a2200241 i 4500 001 000000054223 003 CaOOAMICUS 005 20240910153258.0 008 080630s1971 it u000 u ita u 040 $aSeMil$bita 245 03$aLe epigrafi e le iscrizioni della Basilica dei S.S. Apostoli e Nazaro Maggiore. 264 1$aMilano :$b[s.n.],$c1971$e(Milano :$fArti Grafiche L. Cazzaniga & Figli) 300 $a112 p., [84] p. di tav. ;$c25 cm. 490 1 $aArchivio Ambrosiano ;$v20. 650 4$aMilano - Chiese - San Nazaro in Brolo .$0(OLS)http://semarc/subject/44915 650 4$aEpigrafia cristiana.$0(OLS)http://semarc/subject/52409 830 0$aArchivio Ambrosiano ;$v20.$0(OLS)http://semarc/title/254 850 $aSeMil 852 $aSeMil$W1$xVenegono$y1$m3TA A 20$j250714$B20377$CSeMilBibl$Z2$F20379 $81 961 $aAcquisto: Casa editrice 996 $6245$aLe epigrafi e le iscrizioni della Basilica dei S.S. Apostoli e Nazaro Maggiore$9(OLS)http://semarc/title/83874 996 $6264$aMilano :$b[s.n.]$9(OLS)http://semarc/publisher/29709